| 000 | 00550nam a2200169 i 4500 | ||
|---|---|---|---|
| 001 | 183879 | ||
| 003 | ES-MaACL | ||
| 005 | 20250903084340.0 | ||
| 008 | 141104s1889 it |||| | ita d | ||
| 245 | 0 | 0 | _aCatalogo generale delle edizioni Hoepli (1872-1889). |
| 260 |
_aMilano : _bUlrico Hoepli Edit., _c1889 ( _fTip. Bernardoni di C. Rebeschini e C.) |
||
| 300 |
_a16 p. ; _c. |
||
| 610 | 2 | 4 |
_aUlrico Hoepli (Casa editrice) _9155837 |
| 650 | 7 |
_aCatálogos de editores- _yS.XX _2 _9169795 |
|
| 852 |
_aES-MaACL _jT-891-F-5 |
||
| 999 |
_c183879 _d183879 |
||